ბათუმის შოთა რუსთაველის სახელმწიფო უნივერსიტეტის ბიბლიოთეკა

ტექსტზე ორიენტირებულიკვლევები = Textorientierte Studien : (ბიბ.ჩანაწერი № 46506)

000 -ლიდერი
ფიქსირებული სიგრძის საკონტროლო ველი 01937nam a2200289Ia 4500
001 - საკონტროლო ნომერი
საკონტროლო ველი 13345
003 - საკონტროლო ნომრის იდენტიფიკატორი
საკონტროლო ველი GE_BSU
005 - ბოლო ოპერაციის თარიღი და დრო
საკონტროლო ველი 20240904142441.0
008 - ფიქსირებული სიგრძის მონაცემთა ელემენტები - ზოგადი ინფორმაცია
ფიქსირებული სიგრძის საკონტროლო ველი 181216s2014||||ge |||||||||||||| ||geo||
020 ## - წიგნის საერთაშორისო სტანდარტული ნომერი
International Standard Book Number 978994133510
040 ## - კატალოგიზაციის წყარო
Transcribing agency GE_BSU
041 ## - ენის კოდი
Language code of text/sound track or separate title geo
080 ## - უნივერსალური ათობითი კლასიფიკაციის ინდექსი
Universal Decimal Classification number 811.112 ტ-52
245 ## - ცნობა სათაურის შესახებ
Title ტექსტზე ორიენტირებულიკვლევები = Textorientierte Studien :
Remainder of title სტატიების კრებული : ეძღვნება პროფ. ვიოლა ფურცელაძის 85 წლის იუბილეს /
Statement of responsibility, etc ივანე ჯავახიშვილის სახ. თსუ, გერმანული ფილოლოგიის დეპარტამენტი ; რედ. ლალი ქეცბა-ხუნდაძე.
264 ## - წარმოების, გამოცემის, დისტრიბუციის და სხვა ცნობები
გამოცემის, წარმოების, დისტრიბუციის... ადგილი თბილისი :
გამოცემის, წარმოების, დისტრიბუციის... სახელწოდება თბილისის სახ.უნ-ტი,
გამოცემის, წარმოების, დისტრიბუციის... თარიღი 2014.
300 ## - ფიზიკური აღწერა
Extent 480 გვ. :
Other physical details პორტრ. ;
Dimensions 26 სმ.
500 ## - ზოგადი შენიშვნა
General note პარალ. თავფურ. გერმანულ ენაზე
504 ## - BIBLIOGRAPHY, ETC. NOTE
Bibliography, etc ბიბლიოგრ. სტატიების ბოლოს
520 ## - SUMMARY, ETC.
Summary, etc რეზიუმე გერმანულ და ინგლისურ ენაზე
653 ## - INDEX TERM--UNCONTROLLED
Uncontrolled term ტექსტზე ორიენტირებულიკვლევები
653 ## - INDEX TERM--UNCONTROLLED
Uncontrolled term სტატიების კრებული
653 ## - INDEX TERM--UNCONTROLLED
Uncontrolled term ტექსტის ლინგვისტიკა
653 ## - INDEX TERM--UNCONTROLLED
Uncontrolled term გერმანული ტექსტის ლინგვისტიკა
700 ## - ADDED ENTRY--PERSONAL NAME
Personal name ეცბა-ხუნდაძე, ლალი
Relator term რედაქტორი
9 (RLIN) 23156
710 ## - ADDED ENTRY--CORPORATE NAME
Corporate name or jurisdiction name as entry element ივანე ჯავახიშვილის სახ. თსუ
Subordinate unit გერმანული ფილოლოგიის დეპარტამენტი
9 (RLIN) 23157
942 ## - ADDED ENTRY ELEMENTS (KOHA)
Koha item type წიგნი
Source of classification or shelving scheme
ეგზემპლარები
ჩამოწერის სტატუსი დაკარგული ეგზემპლარის სტატუსი კლასიფიკაციის წყარო ან თაროზე გაწყობის სქემა დაზიანების სტატუსი არ გაიცემა მუდმივი მდებარეობა (დაცვის ადგილი) ამჟამინდელი ადგილსამყოფელი თაროზე განთავსების ადგილი შეძენის თარიღი სრული შენახვის შიფრი შტრიხკოდი ბოლო ოპერაციის თარიღი ეგზემპლარის მიმდევრობითი ნომერი (კეტერი?) ფასის ძალაში შესვლის თარიღი ეგზემპლარის სახეობა
          ბათუმის შოთა რუსთაველის სახელმწიფო უნივერსიტეტის მთავარი ბიბლიოთეკა ბათუმის შოთა რუსთაველის სახელმწიფო უნივერსიტეტის მთავარი ბიბლიოთეკა წიგნსაცავი 2018-12-17 811.112 ტ-52 27241 2018-12-17 27241 2018-12-17 წიგნი